Datum a čas kvízu
38.5
Celkem bodů
Celkový počet nahraných bodů na tomto kvízu bez doplňovacích otázek.
4.
Pořadí na kvízu
Konečné umístění týmu na tomto kvízu.
Zaznamenané odpovědi
| # | Otázka | Odpověď | Body | Výsledky |
|---|---|---|---|---|
| 1. | Počátkem týdne jsme mohli sled... | Český les | 1 | |
| 2. | Norští archeologové našli v le... | lyže | 1 | |
| 3. | Svůj poslední koncert po šedes... | Spirituál kvintet | 1 | |
| 4. | Po 75 letech existence minulý... | Alitalia | 1 | |
| 5. | Profesionální kariéru minulý t... | Roman Kreuziger | 1 | |
| 6. | Pokřín obecný je rostlina, kte... | mandragora | 0 | |
| 7. | Túje, dřevina z rodu cypřišovi... | zerav | 0 | |
| 8. | Vigna zlatá je rostlina z čele... | mungo | 1 | |
| 9. | Ledvinovník západní je tropick... | oříšky kešu | 0 | |
| 10. | Kterým slovem na S obecně ozna... | sukulenty | 1 |